[Event "6eme Open d'Echecs de Saint-Chely d'Aub"]
[Site "Saint-Chely d'Aubrac (12)"]
[Date "2006.07.16"]
[Round "2.30"]
[White "Lepere, Philippe"]
[Black "Saucey, Milena"]
[Result "1-0"]
[WhiteElo "1720"]
[BlackElo "1390"]
[PlyCount "73"]

1. d4 d5 2. Nf3 Nc6 3. h3 Bf5 4. Bf4 Nf6 5. e3 a6 6. a3 h6 7. Nbd2 e6 8. Be2 g5
9. Bh2 Bd6 10. Ne5 Bxe5 11. dxe5 Ne4 12. Nb3 Qe7 13. Nd4 Nxd4 14. exd4 O-O-O
15. f3 c5 16. fxe4 dxe4 17. Bg1 Rd5 18. c3 f6 19. Qa4 fxe5 20. dxc5 Rhd8 21.
Be3 b5 22. Qxa6+ Qb7 23. Qxb7+ Kxb7 24. Bxb5 Bg6 25. O-O Bh5 26. g4 Bg6 27. Be2
Rh8 28. Rf6 Be8 29. Rxe6 h5 30. Rf1 hxg4 31. hxg4 Rd7 32. c6+ Kc7 33. cxd7 Bxd7
34. Re7 Kd6 35. Rg7 Rh4 36. Rf6+ Kc7 37. Rff7 1-0

[Event "6eme Open d'Echecs de Saint-Chely d'Aub"]
[Site "Saint-Chely d'Aubrac (12)"]
[Date "2006.07.16"]
[Round "2.31"]
[White "Messinger, Karl"]
[Black "Weigel, Marie"]
[Result "0-1"]
[WhiteElo "1480"]
[BlackElo "1720"]
[PlyCount "116"]

1. e4 c5 2. Nf3 e6 3. d4 cxd4 4. Nxd4 a6 5. Nc3 Qc7 6. Be3 Nc6 7. Be2 Nf6 8.
O-O Be7 9. Qd2 b5 10. Bf3 Bb7 11. Nxc6 Bxc6 12. Qd3 O-O 13. Ne2 Qb7 14. Ng3 d6
15. Bd4 Rfd8 16. Rfe1 Nd7 17. Qc3 Rac8 18. Qd2 Bf6 19. Nh5 Be5 20. Bxe5 Nxe5
21. Qg5 Ng6 22. Nf4 h6 23. Qg3 Nxf4 24. Qxf4 d5 25. exd5 Bxd5 26. c3 Bxf3 27.
gxf3 Rd5 28. Qe4 Qd7 29. Re2 Rd8 30. a4 Rd1+ 31. Re1 Rxe1+ 32. Qxe1 bxa4 33.
Qe4 Qb5 34. Rxa4 Qxb2 35. Rxa6 Qxc3 36. Kg2 Qf6 37. Kf1 g5 38. Ra8 Rxa8 39.
Qxa8+ Kg7 40. Kg2 Qe5 41. Qa7 Kg6 42. Qa8 h5 43. Qg8+ Qg7 44. Qa8 f5 45. Qc6
Qe7 46. Qc8 Qf7 47. Qc2 Qb7 48. Qe2 Qd5 49. h3 g4 50. hxg4 hxg4 51. Kg3 Qxf3+
52. Qxf3 gxf3 53. Kxf3 e5 54. Ke3 Kg5 55. f3 Kh4 56. f4 e4 57. Kd4 Kg4 58. Ke3
Kg3 0-1

[Event "6eme Open d'Echecs de Saint-Chely d'Aub"]
[Site "Saint-Chely d'Aubrac (12)"]
[Date "2006.07.16"]
[Round "2.32"]
[White "Saucey, Capucine"]
[Black "Vernet, Pierrick"]
[Result "1-0"]
[WhiteElo "1660"]
[BlackElo "1099"]
[PlyCount "83"]

1. e4 e5 2. Nf3 Nc6 3. Bc4 d6 4. d4 Bg4 5. dxe5 dxe5 6. Qxd8+ Kxd8 7. Bxf7 Nf6
8. Bg5 h6 9. Bxf6+ gxf6 10. Nbd2 Rh7 11. Bd5 Nb4 12. Bb3 Na6 13. O-O-O Rd7 14.
a3 Bh5 15. g4 Bg6 16. Nh4 Bh7 17. Nf5 Bc5 18. Be6 Re7 19. Nxe7 Bxe7 20. Nc4+
Ke8 21. f3 b5 22. Bd7+ Kf8 23. Bxb5 Rb8 24. Bxa6 Bg8 25. b3 Bf7 26. Ne3 c6 27.
Bc4 Bg6 28. Nf5 Bd8 29. Rd7 Bb6 30. Rg7 Ke8 31. Rg8+ Kd7 32. Rxb8 Ba5 33. Rb7+
Kc8 34. Rxa7 Kb8 35. Rxa5 Be8 36. Rd1 Kb7 37. Nd6+ Kc7 38. Nxe8+ Kb8 39. Rd7
Kc8 40. Nxf6 Kb8 41. h4 Kc8 42. Ra8# 1-0

[Event "6eme Open d'Echecs de Saint-Chely d'Aub"]
[Site "Saint-Chely d'Aubrac (12)"]
[Date "????.??.??"]
[Round "2.33"]
[White "Bou, Georges"]
[Black "Michel, Jerome"]
[Result "0-1"]
[WhiteElo "1420"]
[BlackElo "1640"]
[PlyCount "102"]

1. e4 e6 2. d4 d5 3. Nc3 dxe4 4. Nxe4 Nd7 5. Nf3 Ngf6 6. Nxf6+ Nxf6 7. Bd3 c5
8. Be3 cxd4 9. Bxd4 Be7 10. O-O O-O 11. Ne5 g6 12. c3 Qc7 13. Re1 Bd7 14. Qd2
Bc5 15. Rac1 Bxd4 16. cxd4 Qd6 17. Qg5 Ne8 18. Nxd7 Qxd7 19. Qc5 Nf6 20. Rc2
Rfc8 21. Qb4 Nd5 22. Qd2 Rxc2 23. Bxc2 Rd8 24. Kf1 Ne7 25. Rd1 Nc6 26. Ba4 Qxd4
27. Qxd4 Rxd4 28. Bc2 Rxd1+ 29. Bxd1 Kf8 30. Bf3 Ke7 31. Ke1 Kd6 32. Kd2 b5 33.
Kc3 Kc5 34. a3 a5 35. Be4 f5 36. Bf3 e5 37. Be2 b4+ 38. Kd2 e4 39. Ke3 bxa3 40.
bxa3 Nd4 41. Bd1 Kc4 42. g4 Kc3 43. gxf5 gxf5 44. Kf4 h6 45. Ba4 Nc2 46. Bd7 $2
(46. Kxf5 $11) 46... Nxa3 47. Bxf5 Nc4 48. Bxe4 a4 49. Bb1 Nd2 50. Ba2 Kb2 51.
Bd5 Nb3 0-1

[Event "6eme Open d'Echecs de Saint-Chely d'Aub"]
[Site "Saint-Chely d'Aubrac (12)"]
[Date "2006.07.16"]
[Round "2.34"]
[White "Carrie, Emilien"]
[Black "Desboeufs, Claude"]
[Result "0-1"]
[WhiteElo "1199"]
[BlackElo "1580"]
[PlyCount "88"]

1. d4 Nf6 2. Nf3 d6 3. Nc3 g6 4. Bf4 Bg7 5. e3 O-O 6. Bc4 Nc6 7. O-O Nd7 8. e4
e5 9. dxe5 Ndxe5 10. Be2 Be6 11. Bb5 Nxf3+ 12. Qxf3 Nd4 13. Qd3 a6 14. Bc4 b5
15. Bd5 c6 16. Bxc6 Nxc6 17. Rae1 Ne5 18. Qe3 Nc4 19. Qc1 Ne5 20. Bg5 Bf6 21.
Bh6 Bg7 22. Qf4 Ng4 23. Bg5 f6 24. Bh4 g5 25. Qg3 gxh4 26. Qxh4 f5 27. Qh3 Rf6
28. Qg3 Rh6 29. h3 Be5 30. Qd3 Nh2 31. Qd2 Qf6 32. Ne2 Rxh3 33. gxh3 Nf3+ 34.
Kh1 Nxd2 35. Rg1+ Kf7 36. Rd1 Nf3 37. Rg2 Qh4 38. Ng1 Nxg1 39. Kxg1 Qxh3 40.
Rd3 Qh4 41. Rdg3 Bxg3 42. fxg3 Qxe4 43. c3 Bc4 44. Rh2 Qe1+ 0-1